City name puzzle (3) - Statistics

General Stats
  • This quiz has been taken 117 times
  • The average score is 13 of 18
Answer Stats
Hint Explanation Answer % Correct
I Turkey stanbul
92%
Mum India bai
90%
Pa France ris
87%
Is Pakistan lamabad
84%
Dil East Timor i
83%
Le Ma France ns
82%
Jai India pur
82%
Ahmed India abad
81%
Hydera India, and Pakistan bad
81%
Man Nicaragua agua
80%
Kaw Japan asaki
74%
Faisa Pakistan labad
72%
K Nigeria ano
65%
Jal Afghanistan alabad
54%
Kan D.R. Congo anga
54%
Cal California exico
49%
Du South Africa rban
47%
Nag Japan oya
29%
No matching quizzes found
Score Distribution
Percent of People with Each Score
Percentile by Number Answered
Your Score History
You have not taken this quiz